|
|
|
|
| LEADER |
00000nab a2200000 a 4500 |
| 001 |
vtls000144341 |
| 003 |
SK-MaSNL |
| 005 |
20260304073236.0 |
| 008 |
250423c1983 xo 0 slo |
| 015 |
|
|
|a SNBRB19rr/mm-uuuuu
|
| 035 |
|
|
|a CL0154448
|
| 035 |
|
|
|a urn:nbn:sk:snk-abek5u
|
| 035 |
|
|
|a (urnnbn)urn:nbn:sk:snk:ar-0005ce
|
| 035 |
|
|
|a (uuid)48b900ed-4fc7-4b28-96dd-dee7b0870f7a
|
| 040 |
|
|
|a SNKBUCL
|b slo
|c SNKBUCL
|e AACR2
|
| 041 |
0 |
|
|a slo
|
| 044 |
|
|
|a xo
|c SK
|
| 080 |
|
|
|a 82.09:885.0-1=850(048)
|2 1981
|
| 080 |
|
|
|a 885.0-1=850(048)
|2 1981
|
| 100 |
1 |
|
|a Vaško, Imrich,
|d 1936-2010
|4 aut
|9 206049
|
| 245 |
1 |
0 |
|a Marie Bieblová: Ticho a hlas
|c Imrich Vaško
|
| 500 |
|
|
|a V rubrike Knihy, recenzie, glosy
|
| 650 |
0 |
7 |
|a česká poézia
|2 snkbucl
|9 1180
|
| 650 |
0 |
7 |
|a lyrické básne
|2 snkbucl
|9 30952
|
| 655 |
|
7 |
|a recenzie
|2 snkbucl
|9 21907
|
| 655 |
|
7 |
|a články z novín a časopisov
|2 snkbucl
|9 267496
|
| 655 |
|
7 |
|a články z odboru literárna veda a krásna literatúra
|2 snkbucl
|9 770045
|
| 773 |
0 |
|
|t Slovenské pohľady
|g Roč. 99, č. 1 (1983), s. 134-135
|
| 787 |
0 |
8 |
|i Rec.:
|a Bieblová, Marie
|t Ticho a hlas
|d Praha : Československý spisovatel, 1982
|
| 850 |
|
|
|a Slovenská národná knižnica
|
| 852 |
|
|
|a Slovenská národná knižnica
|
| 954 |
|
|
|a odborná, vedecká literatúra pôvodná (slovenská)
|2 lita
|
| 958 |
|
|
|a article27
|
| 958 |
|
|
|a RK
|
| 958 |
|
|
|a CZ
|
| 958 |
|
|
|a LX
|
| 958 |
|
|
|a SK
|
| 958 |
|
|
|a OND
|
| 958 |
|
|
|a EUIPO
|
| 992 |
|
|
|a RBX
|
| 999 |
|
|
|c 2770413
|d 2772343
|